Statistics for Countries That Begin With 'A'

Click here to take the quiz!

General Stats

  • This quiz has been taken 632 times
  • The average score is 9 of 11

Answer Stats

Hint Answer % Correct
#9Australia
91%
#10Austria
88%
#5Angola
87%
#8Armenia
86%
#3Algeria
84%
#4Andorra
84%
#2Albania
81%
#7Argentina
80%
#11Azerbaijan
80%
#1Afghanistan
78%
#6Antigua And Barbuda
75%

Score Distribution

Percentile by Number Answered

Percent of People with Each Score

Your Score History

You have not taken this quiz